Realizačný projekt vodovodu a kanalizácie v pavlačovom bytovom dome

Na minha lista:
Detalhes bibliográficos
Autor principal: Tomajka, Ján, 1989- (Author)
Outros Autores: Peráčková, Jana, 1961- (Thesis advisor)
Formato: Manuscrito Livro
Idioma:eslovaco
Publicado em: Bratislava : STU v Bratislave SvF, 2014
Assuntos:
Acesso em linha:VAIS
Tags: Adicionar Tag
Sem tags, seja o primeiro a adicionar uma tag!

MARC

LEADER 00000ntm a22000003a 4500
001 stu297517
005 20150617230312.0
008 140919s2014----xo------------------slo-d
040 |a STU  |b slo 
041 0 |a slo 
044 |a xo 
100 1 |a Tomajka, Ján,  |d 1989-  |4 aut  |u V  |T SvF Stavebná fakulta  |X 57630  |U V  |Y 10  |7 A000057630 
242 0 0 |a Implementation project, sewer and water in a gallery building   |y eng 
245 1 |a Realizačný projekt vodovodu a kanalizácie v pavlačovom bytovom dome 
260 |a Bratislava :  |b STU v Bratislave SvF,  |c 2014 
650 7 |a Building Services  |2 estusub 
650 7 |a sewerage  |2 estusub 
700 1 |a Peráčková, Jana,  |d 1961-  |4 ths  |u V290  |U SvF Stavebná fakulta  |T SvF Katedra technických zariadení budov  |X 2739  |U V290  |Y 31  |7 A000002739 
856 4 |a info a plný text  |u http://is.stuba.sk/zp/portal_zp.pl?podrobnosti=100758  |3 VAIS